00711nam a2200181 a 4500003000200000005001700002008004100019050002800060100002000088245006200108260009300170300004500263504004100308650003500349650005400384650004800438650004300486020250306081907.0090714s19uu xx 00 eng d aPGS LB 1065b.P235 2009 aPark, Joo Youn. aPiano playing and academic performance /cJoo Youn Park . aLas Piñas City, Philippines : bSouthville International School and Colleges, c2009. a39pages : billustrations ; c28 cm.  aIncludes bibliographical references. aMusicvPsychological aspects.  aPianovInstruction and studyvCognitive benefits. aAcademic achievementvInfluencing factors.  aMusicvEffect on academic performance.